<?xml version="1.0" encoding="UTF-8"?><?xml-stylesheet type="text/xsl" href="static/style.xsl"?><OAI-PMH xmlns="http://www.openarchives.org/OAI/2.0/" xmlns:xsi="http://www.w3.org/2001/XMLSchema-instance" xsi:schemaLocation="http://www.openarchives.org/OAI/2.0/ http://www.openarchives.org/OAI/2.0/OAI-PMH.xsd"><responseDate>2026-07-03T16:26:48Z</responseDate><request verb="GetRecord" identifier="oai:docta.ucm.es:20.500.14352/137611" metadataPrefix="marc">https://docta.ucm.es/rest/oai/request</request><GetRecord><record><header><identifier>oai:docta.ucm.es:20.500.14352/137611</identifier><datestamp>2026-06-23T23:57:29Z</datestamp><setSpec>com_20.500.14352_14</setSpec><setSpec>col_20.500.14352_15</setSpec></header><metadata><record xmlns="http://www.loc.gov/MARC21/slim" xmlns:dcterms="http://purl.org/dc/terms/" xmlns:xsi="http://www.w3.org/2001/XMLSchema-instance" xmlns:doc="http://www.lyncode.com/xoai" xsi:schemaLocation="http://www.loc.gov/MARC21/slim http://www.loc.gov/standards/marcxml/schema/MARC21slim.xsd">
   <leader>00925njm 22002777a 4500</leader>
   <datafield ind2=" " ind1=" " tag="042">
      <subfield code="a">dc</subfield>
   </datafield>
   <datafield ind2=" " ind1=" " tag="720">
      <subfield code="a">Sánchez Jiménez, Rodrigo</subfield>
      <subfield code="e">author</subfield>
   </datafield>
   <datafield ind2=" " ind1=" " tag="720">
      <subfield code="a">Halevi, Gali</subfield>
      <subfield code="e">author</subfield>
   </datafield>
   <datafield ind2=" " ind1=" " tag="720">
      <subfield code="a">Guerrero Bote, Vicente P.</subfield>
      <subfield code="e">author</subfield>
   </datafield>
   <datafield ind2=" " ind1=" " tag="720">
      <subfield code="a">Moya Anegón, Félix de</subfield>
      <subfield code="e">author</subfield>
   </datafield>
   <datafield ind2=" " ind1=" " tag="260">
      <subfield code="c">2026-06-10</subfield>
   </datafield>
   <datafield ind2=" " ind1=" " tag="520">
      <subfield code="a">This study classifies National Higher Education Systems (HES) based on the concentration of institutional performance, utilizing data from 5,051 universities in the SCImago Institutions Rankings (SIR). The paper addresses the limitation of traditional rankings which, by focusing on elite institutions, fail to capture systemic health or the internal distribution of performance. To this end, it proposes and operationalizes the HES Index, a metric based on concentration analysis that compares the global standing of institutions with their relative national position. The results identify four country level performance distribution models (ranging from distributed excellence to concentration in lower tiers) and classify the systems into six clusters differentiated by size, concentration, and public/private composition. The analysis reveals a strong positive correlation between the HES Index and the Human Development Index (r = 0.685), suggesting that distributed excellence is linked to higher socioeconomic development. It also concludes that a strategic dilemma exists between concentrating resources to enhance international visibility and fostering cohesive systemic excellence. The HES Index is validated as a robust diagnostic tool for policymakers to assess the morphology and competitiveness of their systems beyond institutional averages.</subfield>
   </datafield>
   <datafield ind1="8" ind2=" " tag="024">
      <subfield code="a">Rodrigo Sánchez-Jiménez, Gali Halevi, Vicente P. Guerrero-Bote, Félix De-Moya-Anegón, Beyond university rankings: Classifying national higher education systems through SIR performance concentration, Journal of Informetrics, Volume 20, Issue 3, 2026, 101839</subfield>
   </datafield>
   <datafield ind1="8" ind2=" " tag="024">
      <subfield code="a">10.1016/j.joi.2026.101839</subfield>
   </datafield>
   <datafield ind1="8" ind2=" " tag="024">
      <subfield code="a">https://hdl.handle.net/20.500.14352/137611</subfield>
   </datafield>
   <datafield ind1="8" ind2=" " tag="024">
      <subfield code="a">https://doi.org/10.1016/j.joi.2026.101839</subfield>
   </datafield>
   <datafield ind2="0" ind1="0" tag="245">
      <subfield code="a">Beyond university rankings: Classifying national higher education  systems through SIR performance concentration</subfield>
   </datafield>
</record></metadata></record></GetRecord></OAI-PMH>